Gigantamax Pokémon - Statistics

General Stats
  • This quiz has been taken 447 times
  • The average score is 22 of 32
Answer Stats
Pokémon % Correct
Charizard
97%
Blastoise
95%
Venusaur
95%
Pikachu
93%
Cinderace
86%
Rillaboom
85%
Inteleon
84%
Eevee
83%
Machamp
75%
Gengar
74%
Butterfree
72%
Lapras
69%
Meowth
69%
Drednaw
68%
Grimmsnarl
68%
Urshifu
67%
Alcremie
66%
Centiskorch
65%
Duraludon
64%
Snorlax
63%
Corviknight
62%
Hatterene
60%
Coalossal
57%
Orbeetle
57%
Garbodor
56%
Toxtricity
55%
Appletun
54%
Flapple
54%
Kingler
52%
Copperajah
48%
Melmetal
48%
Sandaconda
46%
No matching quizzes found
Score Distribution
Percent of People with Each Score
Percentile by Number Answered
Your Score History
You have not taken this quiz